000 00671nam a2200217Ia 4500
005 20220802095036.0
008 210716s2007 xx 000 0 und d
020 _a9788181287595
040 _cAIMIT LIBRARY
041 _aeng
082 _a574.19245
_21
_bZIMK
100 _aZimmermann, Karl- Heinz.
_954262
245 _aIntroduction to protein informatics /
_cBy Karl- Heinz Zimmermann.
250 _a1st ed.
260 _aNew Delhi :
_bSpringer ,
_c2007.
300 _axviii, 280p. ;
_c22.5 cm.
650 _aBiosynthesis
_954263
650 _aPhylogenetic trees
_954264
650 _aStochastic sampling methods
_954265
942 _2ddc
_cBK
_e1st
_k574.19245 ZIMK
999 _c189650
_d189650